000 00788nam a2200193Ii 4500
003 JO-AjNU
008 230605s9999||||xx |||||||||||||| ||und||
040 _aJO-AjNU
_bara
_erda
_cJO-AjNU
041 _aara
050 1 4 _aZ678 1988
100 3 _aالامين ، عبدالكريم ابراهيم/م مشارك عامر قندلجي ، نزار محمد علي قاسم،عزالدين محمد علي السعيد ,
_eauthor
_920713
245 0 0 _aطرق واسس تصنيف المكتبات المدرسية
264 3 1 _aمصر :دار المعارف ،1988
300 _a125ص
_bصور توضيحية
336 _atext
_btxt
_2rdacontent
337 _aunmediated
_bn
_2rdamedia
338 _avolume
_bnc
_2rdacarrier
650 4 _aتصنيف-المكتبات المدرسية
_920714
999 _aA7072
_c10640
_d10640